| 000 | 00000nas 2200000za 4500 |
| 001 | 9.503134 |
| 003 | CaOODSP |
| 005 | 20231004090442 |
| 007 | cr ||||||||||| |
| 008 | 150406d20002001xxc|| p o||||f| |0fre|d |
| 040 | |aCaOODSP|bfre |
| 043 | |an-cn--- |
| 086 | 1 |aIu61-5F-PDF |
| 245 | 00|aStatistiques clés sur l'infrastructure, l'utilisation et le contenu des TIC. |
| 264 | 1|aOttawa, Ontario : |bIndustrie Canada, |c2000-2001. |
| 310 | |aAnnuel |
| 362 | 1 |aParaît depuis 2000; ne paraît plus après 2001. |
| 691 | 07|aTechnologie de l'information|2gcpds |
| 691 | 07|aTélécommunications|2gcpds |
| 710 | 1 |aCanada.|bIndustrie Canada. |bSpectre, technologies de l'information et télécommunications, |eorganisme de publication. |
| 775 | 08|tKey statistics on ICT infrastructure, use and content.|w(CaOODSP)9.506741 |